000
00244 a2200109 4500
003
Nust
005
20170207154225.0
040
_c
Nust
082
_a
371.33
245
_a
Casualties Of War (VHS-160)
440
_a
Casualties Of War (VHS-160)
538
_a
Duration in Minutes-80
999
_c
195508
_d
195508